000 00821nam a2200277 i 4500
001 183213
003 ES-MaACL
005 20240429131307.0
008 140130s1988 sp |||| | spa d
020 _a847223102X
080 _a930.1
080 _a141.81
100 1 _aCioran, E. M.
_938864
245 1 0 _aHistoria y utopía /
_cE.M. Cioran ; prólogo y traducción de Esther Seligson.
250 _a[1ª ed.].
260 _aBarcelona :
_bTusquets,
_c1988.
300 _a162 p. ;
_c22 cm.
490 1 _aMarginales ;
_v102
650 4 _aHistoria-
_xFilosofía.
_913380
650 4 _aUtopías.
_917719
700 0 _aSeligson, Esther.
_9105310
830 0 0 _aMarginales ;
_v102
_9236110
852 _aES-MaACL
_jL-30046
_z.- Donat. Miguel A. Velasco
942 _2udc
999 _c183213
_d183213